|
|
|
|
| LEADER |
00847nam a2200229 i 4500 |
| 001 |
c000061630 |
| 003 |
CARM |
| 005 |
00000000000000.0 |
| 008 |
730306s1972 at 00011 eng d |
| 019 |
1 |
|
|a 536496
|5 LACONCORD2021
|
| 020 |
|
|
|a 0726000272 :
|c $1.65 Aust.
|
| 035 |
|
|
|a (OCoLC)662309
|5 LACONCORD2021
|
| 042 |
|
|
|a anuc
|
| 100 |
1 |
|
|a Trost, George F.
|
| 245 |
1 |
0 |
|a Rule of hate /
|c [by] George F. Trost.
|
| 260 |
|
|
|a Melbourne :
|b Gold Star Publications,
|c 1972.
|
| 300 |
|
|
|a 288p. ;
|c 18cm.
|
| 500 |
|
|
|a Novels in English. Australian writers, 1945-. Texts (ANB/PRECIS SIN 600100340)
|
| 852 |
8 |
|
|b CARM
|h A2:AG15G0
|i A00577
|p 0087760
|f BK
|
| 082 |
0 |
4 |
|a 823/.3
|
| 999 |
f |
f |
|i 2b6bf8fd-4a45-588a-bc43-c89b7ea0954a
|s 082bdff0-ae0b-5116-bdd3-e0f948979fe8
|
| 952 |
f |
f |
|p Can circulate
|a CAVAL
|b CAVAL
|c CAVAL
|d CARM 1 Store
|e A00577
|f A2:AG15G0
|h Other scheme
|i book
|m 0087760
|